000 00465 a2200193 4500
005 20240522114814.0
010 _aB-759154
020 _a9789393701619
_c599.00
035 _aB-759154
037 _bGift
082 _aN
100 _aChung, Bora
_966722
245 _aCursed Bunny /
_cBora Chung
260 _aIndia
_bHachette
_c2021
270 _aIndia
300 _a245 p.
_c20 cm(Pb)
942 _adpl
_cCH
_2ddc
_hN
_mCHU
999 _c203149
_d203149